zpět

Detail výsledku týmu

U Lucerny ST, Brno

Datum a čas kvízu

20 Celkem bodů Celkový počet nahraných bodů na tomto kvízu bez doplňovacích otázek.
13. Pořadí na kvízu Konečné umístění týmu na tomto kvízu.

Zaznamenané odpovědi

# Otázka Odpověď Body Výsledky
1. Žena, která nastoupila loni v... Jana Vohralíková, Petr Kolář 0
2. Tento ruský opoziční politik v... Boris Naděždin 0
3. Minulý týden v sobotu se konal... Ples jako Brno 1
4. Které město jako první v České... Brno 1
5. Po závěrečné siréně nedělního... Sparta Praha, Třinec 0
6. Nejvíce dvojčat na světě se ro... Nigérie 0
7. Dvojčata mohou na počátku nitr... chiméra 1
8. Jako dvojčata byly označovány... Ground Zero 0
9. Jak se jmenuje herec, jehož dv... Kiefer Sutherland 0
10. Na závěr tématu se podíváme na... paterčata 1